The -308 G>A SNP of TNFA is a factor predisposing to chronic rhinosinusitis associated with nasal polyposis in aspirin-sensitive Hungarian individuals Conclusions of a genetic study with multiple stratifications /

Elmentve itt :
Bibliográfiai részletek
Szerzők: Szabó Kornélia Ágnes
Kiricsi Ágnes
Révész Mónika
Vóna Ida
Szabó Zsolt
Bella Zsolt
Polyánka Hilda
Kadocsa Edit
Kemény Lajos
Széll Márta
Hirschberg Andor
Dokumentumtípus: Cikk
Megjelent: Oxford University Press 2013
Sorozat:International Immunology 25 No. 6
doi:10.1093/intimm/dxs162

mtmt:2235405
Online Access:http://publicatio.bibl.u-szeged.hu/4078
LEADER 01219nab a2200313 i 4500
001 publ4078
005 20180730131106.0
008 140203s2013 hu o 0|| zxx d
022 |a 0953-8178 
024 7 |a 10.1093/intimm/dxs162  |2 doi 
024 7 |a 2235405  |2 mtmt 
040 |a SZTE Publicatio Repozitórium  |b hun 
041 |a zxx 
100 1 |a Szabó Kornélia Ágnes 
245 1 4 |a The -308 G>A SNP of TNFA is a factor predisposing to chronic rhinosinusitis associated with nasal polyposis in aspirin-sensitive Hungarian individuals  |h [elektronikus dokumentum] :  |b Conclusions of a genetic study with multiple stratifications /  |c  Szabó Kornélia Ágnes 
260 |a Oxford University Press  |c 2013 
300 |a 383-388 
490 0 |a International Immunology  |v 25 No. 6 
700 0 1 |a Kiricsi Ágnes  |e aut 
700 0 1 |a Révész Mónika  |e aut 
700 0 1 |a Vóna Ida  |e aut 
700 0 1 |a Szabó Zsolt  |e aut 
700 0 1 |a Bella Zsolt  |e aut 
700 0 1 |a Polyánka Hilda  |e aut 
700 0 1 |a Kadocsa Edit  |e aut 
700 0 1 |a Kemény Lajos  |e aut 
700 0 1 |a Széll Márta  |e aut 
700 0 1 |a Hirschberg Andor  |e aut 
856 4 0 |u http://publicatio.bibl.u-szeged.hu/4078/1/2235405_Szab%C3%B3_intimm.dxs162.full.pdf  |z Dokumentum-elérés